Countries Visited by Joe Biden - Statistics

General Stats
  • This quiz has been taken 58 times
  • The average score is 16 of 23
Answer Stats
Number of visits Country % Correct
Seven United Kingdom
100%
Three Germany
98%
One Mexico
96%
One Canada
94%
Two Japan
90%
One Ireland
88%
One Spain
88%
One Italy
86%
Two Belgium
82%
Two Israel
82%
One South Korea
80%
One Switzerland
78%
One Ukraine
76%
Two Poland
74%
One India
72%
One Saudi Arabia
62%
One Egypt
58%
One Indonesia
52%
One Finland
50%
One Vatican City
50%
One Vietnam
48%
One Lithuania
24%
One Cambodia
16%
No matching quizzes found
Score Distribution
Percent of People with Each Score
Percentile by Number Answered
Your Score History
You have not taken this quiz